• 首页
  • 本馆介绍
  • 公告通知
  • 最新文献
  • 馆藏检索
  • 电子资源
  • 读者导购
  • 参考咨询
  • 我的图书馆
  • 登录
  • 详细信息显示
  • 放入我的书架
  • 预约/预借图书
  • 作者相关作品
  • 分类相关作品
  • 丛书相关作品
  • 出版社相关作品

书目信息

  • 表格格式
  • 工作单格式
  • 卡片格式
题名:
西方音乐剧演唱鉴赏教程
    
 
作者: 赵倩 编著
分册: 2   独唱卷
出版信息: 上海   上海音乐出版社  2013.04
页数: 156页
开本: 31cm
丛书名:
单 册:
中图分类: J617.2
科图分类:
主题词: 音乐剧--音乐欣赏--西方国家--高等学校--教材 , 音乐剧--独唱--音乐欣赏--西方国家--高等学校--教材 , 音乐剧 , 音乐欣赏 , 独唱
电子资源:
ISBN: 978-7-5523-0022-2
000 01067nam0 2200301 450
001 012013119795
005 20130627155303.85
010    @a978-7-5523-0022-2@dCNY32.00
100    @a20130609d2013 em y0chiy0110 ea
101 0  @achi
102    @aCN@b310000
105    @aag z 000yy
106    @ar
200 1  @a西方音乐剧演唱鉴赏教程@9xi fang yin le ju yan chang jian shang jiao cheng@i独唱卷@h2@f赵倩编著
210    @a上海@c上海音乐出版社@d2013.04
215    @a156页@c图,照片@d31cm
300    @a上海电影艺术学院流行音乐学院通用教材
330    @a本书主要内容包括:《伙伴们》、《小夜曲》、《油脂》、《歌舞线上》、《安妮》、《第42街》、《九岁》、《棋局》、《约瑟夫和他的神奇彩衣》等。
333    @a音乐院校流行音乐以及音乐剧专业的学生
606 0  @a音乐剧@x音乐欣赏@x西方国家@x高等学校@j教材
606 0  @a音乐剧@x独唱@x音乐欣赏@x西方国家@x高等学校@j教材
606 0  @a音乐剧
606 0  @a音乐欣赏
606 0  @a独唱
690    @aJ617.2@v5
701  0 @a赵倩@9zhao qian@4编著
801  0 @aCN@b人天书店@c20130609
905    @b546980-83@dJ617.2@e602:2@f4
    
    西方音乐剧演唱鉴赏教程.独唱卷.2/赵倩编著.-上海:上海音乐出版社,2013.04
    156页:图,照片;31cm
    上海电影艺术学院流行音乐学院通用教材.-使用对象:音乐院校流行音乐以及音乐剧专业的学生
    
    ISBN 978-7-5523-0022-2:CNY32.00
    本书主要内容包括:《伙伴们》、《小夜曲》、《油脂》、《歌舞线上》、《安妮》、《第42街》、《九岁》、《棋局》、《约瑟夫和他的神奇彩衣》等。
●
相关链接 在E读中查询图书 在五车中查询图书 在当当中查询图书 在豆瓣中查询图书


正题名:西方音乐剧演唱鉴赏教程     索取号:J617.2/602:2         预约/预借

序号 登录号 条形码 馆藏地/架位号 状态 备注
1 546980   205469802   第一样本阅览室/ [索取号:J617.2/602:2] 在馆    
2 546981   205469811   第一借阅区/ [索取号:J617.2/602:2] 在馆    
3 546982   205469820   第一借阅区/ [索取号:J617.2/602:2] 在馆    
4 546983   205469839   第一借阅区/ [索取号:J617.2/602:2] 在馆    
唐山师范学院图书馆 欢迎您!
大连网信软件有限公司© 版权所有